000 00471nam a2200181Ia 4500
005 20250326130413.0
008 250326s9999 xx 000 0 und d
037 _aTextbook
040 _aFMSL
_beng
_cFMSL
041 _aeng
_2eng
084 _aX:89Q8 K2
_qFMSL
100 _aJuran J M
245 0 _aQuality control handbook
_cJuran J M
260 _aNY
_bNY, McGraw-Hill
_c1962
300 _a49p
942 _cTB
_hX:89Q8 K2
999 _c1282334
_d1282334